000
00255nam a22000977a 4500
999
_c
11753
_d
11753
008
200114b ||||| |||| 00| 0 eng d
020
_a
9780440843634
100
_a
Turkle Brinton
_9
7440
245
_a
Deep in the Forest
260
_a
New York
_b
Trumpet Club
_c
1976